| 000 | 00654nam a22001817a 4500 | ||
|---|---|---|---|
| 003 | OSt | ||
| 005 | 20260313054427.0 | ||
| 008 | 260313b |||||||| |||| 00| 0 eng d | ||
| 020 | _a978-971-8994-8 | ||
| 040 |
_aDWCL-Main Lib _cOC |
||
| 082 | _aProf. 616.98 St914 2009 | ||
| 110 |
_aHELPING HANDS AND HEARTS FOUNDATION _eCorporate Author SUBJECTS Subjects Stress - Suggestions and techniques on how to overcome. NOTES |
||
| 245 | _aStress free life | ||
| 260 |
_aPhilippines : _b Sound Publishing Corporation, _cc 2009 |
||
| 300 |
_a72 p. ; _c20 cm |
||
| 650 | _aStress - Suggestions and techniques on how to overcome. | ||
| 942 |
_2ddc _cPROF. _mProf. _n0 |
||
| 999 |
_c9112 _d9112 |
||